000 01001nac a22003130a 4500
001 PT2533
003 AR-LpoUNG
005 20210201004801.0
008 201001suuuu||||sp |||||||||||||||||spa d
020 _a(8434405040 año 1994) (8434405032 año 2004)
_c$25
040 _aAR-LpoUNG
_bspa
_eaacr
041 _aspa
044 _asp
082 0 _aR103 368v3
100 1 _aFerrater Mora, José
245 1 0 _aDiccionario de filosofía :
_btomo III ( K-P)
260 _aBarcelona :
_bAriel,
_c1994.
300 _a2967 p. :
_bil.
_a(4
_fVolúmenes)
_3Impreso
490 0 _aDiccionario de filosofía
505 0 _aNueva edición actualizada por la cátedra Ferrater Mora bajo la dirección de Josep- María Terricabras.
520 _aDiccionario de términos relacionados a la filosofía
650 4 _aFILOSOFIA
650 4 _aLEXICOGRAFIA
650 4 _aMATERIAL DE REFERENCIA
650 4 _aTERMINOLOGIA
651 4 _aDOCUMENTOS TEORICOS O METODOLOGICOS
905 _a2533
942 _cLSALA
999 _c47511
_d47511